|
|
|
|
| LEADER |
00000nam0a2200000 4500 |
| 001 |
293774 |
| 005 |
20231102000627.0 |
| 010 |
|
|
|a 9785160103891
|
| 035 |
|
|
|a (RuTPU)RU\TPU\book\318816
|
| 090 |
|
|
|a 293774
|
| 100 |
|
|
|a 20150506d2015 m y0rusy50 ca
|
| 101 |
0 |
|
|a rus
|
| 102 |
|
|
|a RU
|
| 105 |
|
|
|a y j 001zy
|
| 200 |
1 |
|
|a Управление качеством
|e учебное пособие
|f А. М. Елохов
|g Западно-Уральский институт экономики и права (ЗУИЭП)
|
| 205 |
|
|
|a 2-е изд., перераб. и доп.
|
| 210 |
|
|
|a Москва
|c Инфра-М
|d 2015
|
| 215 |
|
|
|a 334 с.
|
| 225 |
1 |
|
|a Высшее образование. Бакалавриат
|
| 320 |
|
|
|a Библиогр.: с. 330-332.
|
| 330 |
|
|
|a В пособии рассматриваются основные понятия квалиметрии — науки о количественной оценке качества, элементы, процессы ее создания и эволюции, методы управления качеством на предприятии; отражается отечественный и зарубежный опыт управления качеством на предприятиях, а также раскрываются современные тенденции в этой области.Для студентов высших учебных заведений, слушателей системы повышения квалификации и послевузовского образования, аспирантов, преподавателей, специализирующихся в области управления качеством, для предпринимателей и специалистов, участвующих в формировании и развитии систем управления качеством на предприятиях, а также для широкого круга читателей, интересующихся вопросами качества.
|
| 606 |
1 |
|
|a Качество продукции
|x Управление
|2 stltpush
|3 (RuTPU)RU\TPU\subj\14180
|9 40640
|
| 610 |
1 |
|
|a качество
|
| 610 |
1 |
|
|a управление
|
| 610 |
1 |
|
|a квалиметрия
|
| 610 |
1 |
|
|a система менеджмента
|
| 610 |
1 |
|
|a инструменты
|
| 610 |
1 |
|
|a стандартизация
|
| 610 |
1 |
|
|a отечественный опыт
|
| 610 |
1 |
|
|a зарубежный опыт
|
| 610 |
1 |
|
|a предприятия
|
| 610 |
1 |
|
|a количественная оценка
|
| 610 |
1 |
|
|a системное управление
|
| 610 |
1 |
|
|a учебные пособия
|
| 675 |
|
|
|a 658.562(075.8)
|v 4
|
| 700 |
|
1 |
|a Елохов
|b А. М.
|g Александр Михайлович
|
| 712 |
0 |
2 |
|a Западно-Уральский институт экономики и права (ЗУИЭП)
|c (Пермь)
|2 stltpush
|3 (RuTPU)RU\TPU\col\21051
|
| 801 |
|
1 |
|a RU
|b 63413507
|c 20150506
|
| 801 |
|
2 |
|a RU
|b 63413507
|c 20150821
|g RCR
|
| 900 |
|
|
|a Управление качеством
|
| 942 |
|
|
|c BK
|
| 951 |
|
|
|l 8.1
|
| 959 |
|
|
|a 42/20150415
|d 5
|e 549,90
|f ЧЗГЛ:1
|f УФ:4
|